Population studies <a> journal of demography

Salvato in:
Dettagli Bibliografici
Natura: Periodico
Lingua:inglese
Pubblicazione: London School of Economics
Tags: Aggiungi Tag
Nessun Tag, puoi essere il primo ad aggiungerne!!

MARC

LEADER 00000nas1a2200000$$$4500
001 0012040
005 20250730114820.4
041 0 |a eng 
044 |a GB 
245 1 0 |a Population studies  |b <a> journal of demography 
264 1 |a London  |b School of Economics